000
00381nam a22001697a 4500
003
MPLRDC
005
20220104123752.0
008
210129b ||||| |||| 00| 0 eng d
082
_a
544.3 SZ
100
_a
不详
245
_a
夫妻医学
_c
250
_a
革新版
260
_a
_b
尚志文化出版社
_c
1988
300
_b
平
650
_a
婚姻
942
_c
BK
_o
544.3 SZ
999
_c
14043
_d
14033